The Weeknd Trivia: lvl Hard - Statistics

General Stats
  • This quiz has been taken 60 times
  • The average score is 6 of 10
Answer Stats
Hint Answer % Correct
Combination of The Weeknd's 3 mixtapes from 2011 Trilogy
94%
"Take that step, you're the life of the ___" Party
85%
The Weeknd's debut studio album Kiss Land
83%
Interlude on After Hours Repeat After Me
73%
Name of the Thursday Girl Valerie
71%
Least streamed song on the album of question 1 Belong to the World
54%
Meaning of XOTWOD XO til we overdose
52%
The Weeknd's longest song Gone
46%
Artist who remixed Wanderlust Pharrell Williams
40%
Song associated with this quiz's thumbnail Lonely Star
35%
No matching quizzes found
Score Distribution
Percent of People with Each Score
Percentile by Number Answered
Your Score History
You have not taken this quiz